000 00518nam a2200193 a 4500
001 16095
003 CO-ViMGA
008 141112s2004 ck r 000 u spa d
020 _a8484610993
040 _aCO-ViMGA
_bspa
_cCO-ViMGA
082 _a843.54 V657c
100 1 _aVoltaire,
245 1 0 _aCuentos escogidos
260 _aBarcelona (España) :
_bEdicomunicaciones s.a.2001
300 _a317.p.
590 _aForma de adquisición : Premio - Mincultura
650 1 4 _aCUENTOS FRANCESES
_91078
942 _2ddc
_cBK
999 _c11524
_d11524